000 00412nam a2200169Ia 4500
003 OSt
005 20250908110312.0
008 220923b |||||||| |||| 00| 0 tel d
037 _cTextual
040 _aARTS
_cARTS
_btel
041 _2tel
_atel
245 0 _aPrajavangmayam
260 _c1997
650 _aTELUGU LANGUAGE
_9155493
942 _hO35, N7
_cTEXL
_2CC
_n0
999 _c473412
_d473412